Statistics for Hearts of Iron IV - Releaseable countries

Click here to take the quiz!

General Stats

  • This quiz has been taken 17 times
  • The average score is 31 of 160

Answer Stats

OriginContinentAnswer% Correct
USSR/TurkeyMiddle EastArmenia
78%
USSR/IranMiddle EastAzerbaijan
78%
PortugalAfricaAngola
67%
British RajAsiaBangladesh
67%
FranceAfricaAlgeria
56%
Germany (focus)EuropeBavaria
56%
USSR/PolandEuropeBelarus
56%
Spain/FranceEuropeBasque Country
44%
UKCentral AmericaBelize
44%
YugoslaviaEuropeBosnia and Herzegovina
44%
FranceEuropeBrittany
44%
British RajAsiaBurma
44%
YugoslaviaEuropeCroatia
44%
USSRMiddle EastGeorgia
44%
USSRMiddle EastAbkhazia
33%
UKAfricaBotswana
33%
BelgiumAfricaBurundi
33%
FranceAfricaCentral African Republic
33%
FranceAfricaChad
33%
USSR (decision)AsiaDon Host
33%
UKAfricaEgypt
33%
FranceAfricaGabon
33%
UKAfricaGhana
33%
FranceAfricaGuinea
33%
Finland/USSREuropeKarelia
33%
USSRAsiaKazakhstan
33%
USSRAsiaKyrgyzstan
33%
Spain/FranceAfricaMorocco
33%
PortugalAfricaMozambique
33%
British RaiAsiaPakistan
33%
Germany (focus)EuropePrussia
33%
FranceAfricaRepublic of Congo
33%
YugoslaviaEuropeSerbia
33%
Poland/GermanyEuropeSilesia
33%
YugoslaviaEuropeSlovenia
33%
Italy/UKAfricaSomali Sultanate
33%
UKAfricaSudan
33%
USSRAsiaTajikistan
33%
USSRAsiaTurkmenistan
33%
Poland/Romania/USSREuropeUkraine
33%
USSRAsiaUzbekistan
33%
UKAfricaZimbabwe
33%
UKCaribbeanBahamas
22%
FranceAsiaCambodia
22%
FranceAfricaCameroon
22%
SpainEuropeCatalonia
22%
FranceEuropeCorsica
22%
USSREuropeCrimea
22%
USSREuropeDagestan
22%
Germany (event)EuropeEast Germany
22%
SpainAfricaEquatorial Guinea
22%
ItalyAfricaEritrea
22%
SpainEuropeGaliza
22%
UKSouth AmericaGuyana
22%
DenmarkEuropeIceland
22%
UKMiddle EastIsrael
22%
UKCaribbeanJamaica
22%
UKMiddle EastJordan
22%
Poland/GermanyEuropeKashubia
22%
UKAfricaKenya
22%
JapanAsiaKorea
22%
YugoslaviaEuropeKosovo
22%
FranceAsiaLaos
22%
FranceMiddle EastLebanon
22%
FranceAfricaMadagascar
22%
UKAfricaMalawi
22%
FranceAfricaMali
22%
FranceAfricaMauritania
22%
YugoslaviaEuropeMontenegro
22%
FranceAfricaNiger
22%
UKAfricaNigeria
22%
AustraliaOceaniaPapua New Guinea
22%
UKMiddle EastQatar
22%
BelgiumAfricaRwanda
22%
UKEuropeScotland
22%
Czechoslovakia (event)EuropeSlovakia
22%
FranceMiddle EastSyria
22%
FranceOceaniaTahiti
22%
UKAfricaTanzania
22%
FranceAfricaTogo
22%
Romania/YugoslaviaEuropeTransilvania
22%
FranceAfricaTunisia
22%
UKAfricaUganda
22%
FranceAsiaVietnam
22%
Germany (event)EuropeWest Germany
22%
UKAfricaZambia
22%
11th November ruleEuropeAl-Andalus
11%
UKSouth AmericaBritish Antilles
11%
USSREuropeBuryatia
11%
FranceCaribbean or Oceania?Cayenne
11%
USA (event)North AmericaConfederacy
11%
UKMiddle EastCyprus
11%
FranceAfricaDjibouti
11%
PolandEuropeFree City of Danzig
11%
UKAfricaGambia
11%
FranceCaribbeanGuadeloupe
11%
PortugalAfricaGuinea-Bissau
11%
FranceAfricaIvory Coast
11%
USSR (decision)EuropeKuban Host
11%
Turkey/Iran/Iraq/FranceMiddle EastKurdistan
11%
UKMiddle EastKuwait
11%
ItalyAfricaLibya
11%
UKEuropeMalta
11%
Romania/USSREuropeMoldova
11%
South AfricaAfricaNamibia
11%
NetherlandsSouth AmericaNetherlands Antilles
11%
UKEuropeNorthern Ireland
11%
FranceEuropeOccitania
11%
UKMiddle EastPalestine
11%
USACaribbeanPuerto Rico
11%
Germany (focus)EuropeSaxony
11%
Germany (focus)EuropeSchleswig-Holstein
11%
FranceAfricaSenegal
11%
UKAfricaSierra Leone
11%
UKAsiaSri lanka
11%
NetherlandsSouth AmericaSuriname
11%
USA (event)North AmericaUnaligned States of America
11%
UKMiddle EastUnited Arab Emirates
11%
FranceAfricaUpper Volta
11%
USSREurope/AsiaVolga Germany
11%
UKEuropeWales
11%
SpainAfricaWestern Sahara
11%
USSRAsiaAltai
0%
USSRAsiaBashkortostan
0%
USSRAsiaBukharam
0%
USSREuropeChechen-Ingush
0%
USSRAsiaChukotka
0%
FranceAfricaDahomey
0%
Yugoslavia (focus)EuropeDalmatia
0%
USSRAsiaFar East
0%
USAOceaniaHawaii
0%
YugoslaviaEuropeHerzegovina
0%
USSRAsiaKabardins and Karachay-Balkars
0%
USSRAsiaKalmykia
0%
USSRAsiaKarakalpakstan
0%
USSRAsiaKhivan Jadidist
0%
USSRAsiaKomi
0%
Germany (Focus)EuropeMacklenburg
0%
UKAsiaMaldives
0%
USA/JapanOceaniaMariana Federation
0%
USSRAsiaMari El
0%
UKOceaniaMelanesia
0%
JapanOceaniaMicronesia
0%
USSRAsiaNenetsia
0%
YugoslaviaEuropeNorth Macedonia
0%
USSREuropeNorth Ossetia-Alania
0%
USSRAsiaOstyak-Vogul
0%
USSRAsiaSakha
0%
New ZealandOceaniaSamoa
0%
AustraliaOceaniaSolomon Islands
0%
USSRAsiaTatarstan
0%
USSRAsiaTaymyria
0%
UKCaribbeanTrinidad and Tobago
0%
USSRAsiaUdmurtia
0%
USSRAsiaVladivostok
0%
Yugoslavia (focus)EuropeVojvodina
0%
Germany (focus)EuropeWestphalia
0%
Germany (focus)EuropeWurtemberg
0%
USSRAsiaYamalia
0%
BelgiumAfricaZaire
0%

Score Distribution

Percentile by Number Answered

Percent of People with Each Score

Your Score History

You have not taken this quiz